000 00448nam a2200157Ia 4500
008 180921t1951 xxu||||| ||||o00| 0 eng d
041 _aeng
080 _a1951 May-June
245 4 _aThe Ceylon Government Gazette : Extraordinary
260 _c1951
300 _ap.622, 33 cm
500 _aPart 1 : Section (1) - General.Government Notifications.
_aNo.10246-Wednesday
942 _cBK
999 _c62365
_d62365
003 LK-CoDNM
040 _aLK-CoDNM
_dLK-CoDNM
_eLK-CoDNM